| 000 | 00346nam a22001457a 4500 | ||
|---|---|---|---|
| 003 | OSt | ||
| 020 | _aNA | ||
| 040 | _c0 | ||
| 082 |
_222 _a005.446 |
||
| 100 | _aHunt, Cmig and Bragg, Roberta | ||
| 245 |
_aWindows server 2003 : _bnetwork administration / |
||
| 260 |
_aUSA, _bO'Reilly, _cc2003. |
||
| 300 |
_axvi, 677 p. ; _bill. ; |
||
| 942 |
_2ddc _cIT |
||
| 999 |
_c4384 _d4384 |
||